Memòria 1990 / Patronat Municipal de Serveis Comunitaris
Descripción Física:
51 p. : il., col. ; 29'5 cm
MARC
| LEADER | 00000nam a2200000Ia 4500 | ||
|---|---|---|---|
| 001 | 9332 | ||
| 008 | 160829s1991 xx 000 0 cat d | ||
| 080 | |a S-1-142 | ||
| 100 | |a Patronat Municipal de Serveis Comunitaris (l'Hospitalet de Llobregat) |9 24635 | ||
| 245 | |a Memòria 1990 / Patronat Municipal de Serveis Comunitaris | ||
| 260 | |a L'Hospitalet : |b Ajuntament, |c 1991 | ||
| 300 | |a 51 p. : |b il., col. ; |c 29'5 cm | ||
| 650 | |a Patronat Municipal de Serveis Comunitaris (l'Hospitalet de Llobregat) |x Memòries |9 24636 | ||
| 901 | |a Arxiu | ||
| 942 | |n 1 | ||
| 952 | |0 0 |1 0 |4 0 |6 S1142 |7 1 |9 43240 |a Arxiu |b Arxiu |d 2016-12-01 |l 0 |o S-1-142 |p 9332 |r 2016-12-01 00:00:00 |w 2016-12-01 |y ARXIU | ||
| 999 | |c 45784 |d 45784 | ||